Normal view
MARC view
- Gate
Entry Topical Term
001 - CONTROL NUMBER
- control field: 6415
003 - CONTROL NUMBER IDENTIFIER
- control field: OSt
005 - DATE AND TIME OF LATEST TRANSACTION
- control field: 20241129155221.0
008 - FIXED-LENGTH DATA ELEMENTS
- fixed length control field: 241129|| aca||aabn | a|a d
040 ## - CATALOGING SOURCE
- Original cataloging agency: OSt
- Transcribing agency: OSt
150 ## - HEADING--TOPICAL TERM
- Topical term or geographic name as entry element: Gate
670 ## - SOURCE DATA FOUND
- Source citation: Work cat.: (OSt)13639: Sanjay Kumar, Numerical approach in Agricultural Engineering with objective, 2011
